000 00708nam a2200241 i 4500
001 C2-0316231
003 PPAK
005 20180728112203.0
008 120722s2012 enka|||| ||||| | eng d
020 _a9780415698580
040 _aPPAK
_beng
_cPPAK
_erda
082 0 4 _a635
_223
090 0 0 _a635
_bCAR
_dR
100 1 _aCarolan, Michael,
_eauthor
245 1 4 _aThe sociology of food and agriculture
264 1 _aLondon :
_bRoutledge ,
_c2012
300 _axii, 317 pages :
_billustrations ;
_c23 cm
336 _2rdacontent
_atext
337 _2rdamedia
_aunmediated
338 _2rdacarrier
_avolume
650 1 0 _aAgriculture - History. ; Agriculture - Social aspects - History.
942 _ddc
_cB
999 _c117371
_d117371